| 000 | 00629nam a22001695i 4500 | ||
|---|---|---|---|
| 001 | 161510 | ||
| 003 | ES-MaACL | ||
| 005 | 20230906212312.0 | ||
| 008 | 990615s1863 sp |||| | spa d | ||
| 040 |
_aCCPB | B _bspa _cCCPB | B |
||
| 100 | 1 |
_aPastor, Luis María. _989484 |
|
| 245 | 1 | 0 |
_aHistoria de la deuda pública española y proyecto de su arreglo y unificacion / _cpor Luis María Pastor. |
| 260 |
_aMadrid : _b[s.n.], _c1863 ( _fImprenta á cargo de B. Carranza) |
||
| 300 |
_a278, [2] p., [2] h. pleg. ; _c16 cm. |
||
| 650 | 4 |
_aDeuda pública- _zEspaña- _xHistoria. _9150323 |
|
| 852 |
_aES-MaACL _jD-2749 _z-- Enc. hol. |
||
| 999 |
_c161510 _d161510 |
||